[Event "Sapporo Autumn Chess Tornament 2019"]
[Site ""]
[Date "2019.10.14"]
[Round "5"]
[Board "6"]
[White "Takeuchi, Hiroshi"]
[Black "Watanabe, Katsumi"]
[Result "0-1"]
[WhiteElo "1350"]
[BlackElo "1723"]
[PlyCount "76"]
[EventDate "2019.10.13"]
[EventRounds "5"]
[EventCountry "JPN"]

1. d4 d5 2. Nf3 Nf6 3. e3 e6 4. Bd3 Be7 5. O-O O-O 6. b3 Nbd7 7. Bb2 c5 8. Nbd2
a6 9. Ne5 cxd4 10. exd4 b5 11. Qe2 Bb7 12. f4 Rc8 13. Rac1 b4 14. Rf3 Qa5 15.
a4 bxa3 16. Nxd7 Nxd7 17. Bxh7+ Kxh7 18. Rh3+ Kg8 19. Qh5 f5 20. Qg6 Rf6 21.
Qh7+ Kf7 22. Qh5+ Rg6 23. Rg3 Nf8 24. Nf3 axb2 25. Rf1 Qa1 26. Ne5+ Ke8 27.
Rxg6 Qxf1+ 28. Kxf1 b1=Q+ 29. Kf2 Rxc2+ 30. Kg3 Qxb3+ 31. Nf3 Nxg6 32. Qxg6+
Kd7 33. h4 Qb2 34. Kh3 Bf6 35. Qf7+ Kd6 36. Qf8+ Kc6 37. Qe8+ Kb6 38. Qxe6+ Ka7
 0-1